Central Library OPAC University of Rajshahi

ওয়েষ্ট ওয়ার্ড হো / (Record no. 49242)

MARC details
000 -LEADER
fixed length control field 01022nam a2200229 a 4500
001 - CONTROL NUMBER
control field 49242
003 - CONTROL NUMBER IDENTIFIER
rucl marc code BD-RjUL
005 - DATE AND TIME OF LATEST TRANSACTION
control field 20211209054644.0
008 - FIXED-LENGTH DATA ELEMENTS--GENERAL INFORMATION
fixed length control field 160818s1955 b ||||| |||| 00| 0 eng d
035 ## - SYSTEM CONTROL NUMBER
System control number (BD-RjUL)49361
040 ## - CATALOGING SOURCE
Original cataloging agency BD-RjUL
Language of cataloging ben
Transcribing agency BD-RjUL
041 ## - LANGUAGE CODE
Language code of text/sound track or separate title ben
082 ## - DEWEY DECIMAL CLASSIFICATION NUMBER
Edition number 23
Classification number 823
Author mark and year KIO 1955
100 1# - MAIN ENTRY--PERSONAL NAME
Personal name কিংসলির, চার্লস
9 (RLIN) 147979
245 10 - TITLE STATEMENT
Title ওয়েষ্ট ওয়ার্ড হো /
Statement of responsibility, etc. চার্লস কিংসলির, শ্রী তপনকুমার চক্রবর্ত্তী
260 ## - PUBLICATION, DISTRIBUTION, ETC. (IMPRINT)
Place of publication, distribution, etc. কলিকাতা :
Name of publisher, distributor, etc. শ্রীশান্তি রঞ্জন সেন গুপ্ত,
Date of publication, distribution, etc. ১৯৫৫.
300 ## - PHYSICAL DESCRIPTION
Pagination ১১৬ পৃ ;
Size ২১ সেমি.
650 ## - SUBJECT ADDED ENTRY--TOPICAL TERM
Topical term or geographic name as entry element ইংরেজি সাহিত্য
9 (RLIN) 147980
General subdivision বঙ্গানুবাদ
Topical term or geographic name as entry element English LIterature
9 (RLIN) 147981
General subdivision Translated into bengali
700 ## - ADDED ENTRY--PERSONAL NAME
Personal name চক্রবর্ত্তী, শ্রী তপনকুমার
942 ## - ADDED ENTRY ELEMENTS (KOHA)
Source of classification or shelving scheme Dewey Decimal Classification
Koha item type Books
Holdings
Lost status Source of classification or shelving scheme Damaged status Not for loan Collection code Permanent Location Current Location Shelving location Date acquired Source of acquisition Cost, normal purchase price Total Checkouts Full call number Date last seen Copy number Koha item type
  Dewey Decimal Classification     Non-fiction Central Library, University of Rajshahi Central Library, University of Rajshahi   27/10/1955 mukarom book 1.11   B 823 KIO 1955 18/08/2016 C-2 Books